000 01104namaa2200313 i 4500
003 EG-GICUC
005 20251116141714.0
008 251116s2003 ua |||jr|||| 000 0 ara d
017 _a2003 / 15100
_bدار الكتب والوثائق القومية(مصر)
020 _a9770909734
040 _aEG-GiCUC
_bara
_cEG-GiCUC
_dEG-GiCUC
_erda
082 0 4 _221
_a814.008
_bA872
092 0 4 _221
_a814.008
_bA872
099 _a814.008 A872
100 1 _aعطية، رجائى
_eمؤلف.
245 1 _aماذا أقول لكم ؟ /
_cرجائى عطية.
250 _aالطبعة الاولى
264 _aالقاهرة(مصر) :
_bدار الشروق،
_c2003.
300 _a194 صفحة ؛
_c24 سم
336 _2rdacontent
_atext
337 _2rdamedia
_aUnmediated
338 _2rdacarrier
_avolume
504 _aيشتمل على ارجاعات ببليوجرافية.
541 _aد. جابر عصفور ؛
_bالقاهرة ؛
_cإهداء ؛
_d2024.
650 1 7 _aالمقالات العربية
_xمجموعات
_2qrmak
651 1 _2qrmak
905 _aAya
942 _2ddc
_cBK
_e21
_n0
999 _c175908
_d175908